000 00672nam a22002172 4500
001 0000009334
005 20151217145850.0
008 080928s xx 000 0 eng d
020 _a0672310015 :
_cKES 400
040 _aKABU
_cKABU
100 1 _aCowart, Robert.
_@0000160595
245 1 0 _aRobert Cowart's Windows NT 4 /
_cRobert Cowart.
250 _aProfessional Ref. ed.
260 _aSt. Indianapolis, IL. :
_bSams,
_c1997.
300 _axxxvii, 1044 p.
650 0 _aMicrosoft Windows NT 4.
_@0000160596
650 0 _aOperating systems (Computers)
_@0000146540
908 _a080928
950 _@1
999 _c3450
_d3450